| 000 | 00877nam a2200241Ia 4500 | ||
|---|---|---|---|
| 003 | GCL | ||
| 008 | 140319s9999 xx 000 0 ara d | ||
| 020 | _a1327201977 | ||
| 040 |
_aGCL / _cGCL |
||
| 082 | 0 | 4 |
_a808.068 _bح ع |
| 100 | 1 | _aحسن محمد عبد الشافى | |
| 245 | 1 | 0 |
_aعبدالتواب يوسف وادب الطفل العربى : _bمع قائمة ببليوجرافية لانتاجه الفكرى / _cحسن محمد عبد الشافى |
| 250 | _aالثانية | ||
| 260 |
_aالقاهرة : _bالهيئة المصرية العامة للكتاب ، _c1993 |
||
| 300 |
_a215 ص ؛ _c18 سم |
||
| 490 |
_aدراسات فى ادب الاطفال _v0 |
||
| 650 | 0 | 4 | _aالادب العربى |
| 650 | 0 | 4 | _aالاطفال |
| 650 | 0 | 4 | _aالتراجم |
| 650 | 0 | 4 | _aالادباء |
| 650 | 0 | 4 | _aالببليوجرافيات |
| 942 |
_2ddc _cBK |
||
| 999 |
_c58536 _d58536 |
||